Proceedings ... 17-24 April 1985, Jakarta, Indonesia

Bibliographic Details
Corporate Author: WORKSHOP on Land-Use Planning in a Watershed context
Format: Book
Published: Laguna, Philippines : ASEAN-US Watershed Peoject , 1985
Subjects:

MARC

LEADER 00000cam a2200000 7i4500
001 0000002250
005 20030417.0
090 0 0 |a 333.91   |b WOR 1985 
110 1 0 |a WORKSHOP on Land-Use Planning in a Watershed context   |k 1985   |j Jakarta, Indonesia 
245 1 0 |a Proceedings ... 17-24 April 1985, Jakarta, Indonesia 
260 0 0 |a Laguna, Philippines :   |b ASEAN-US Watershed Peoject ,   |c 1985 
300 |a 216 p. :   |b col. ill. ;   |c 23 cm. 
500 0 0 |a Includes bibliogrpahical references 
650 0 0 |a Land use   |x Congresses 
650 0 0 |a Watershed management   |x Congresses 
998 |a JPSM 
999 |a 0000003819   |b Monograph   |c Open Shelf   |e Default branch